000 01450nam a2200349 i 4500
001 53609
003 ES-MaCES
005 20250806141425.0
007 cr |||||||||||
008 250310s2023 sp || r o000 | spa d
024 7 _a003-19-235-3
_2nipo
040 _aES-MaCES
_bspa
_cES-MaCES
245 0 0 _aAgricultura, pesca y alimentación en España 2023
_hRecurso electrónico
_b: memoria anual
_cMinisterio de Agricultura, Pesca y Alimentación
260 _aMadrid
_bMinisterio de Agricultura, Pesca y Alimentación
_c2023
300 _a1 documento pdf
_c(9,09 mb)
541 _cGratuito
610 1 7 _aEspaña
_bMinisterio de Agricultura, Pesca y Alimentación
_93225
650 4 _aagricultura
_927489
650 4 _apesca
_927611
650 4 _aalimentación
_928658
650 4 _aEspaña
_926964
650 4 _a2023
_940696
650 4 _amemoria anual
_928977
650 4 _ainforme de actividades
_928984
653 1 0 _aAgricultura-Ganadería
710 1 _aEspaña
_bMinisterio de Agricultura, Pesca y Alimentación
_eed.
_93225
787 0 _tAgricultura, pesca y alimentación en España 2021
_w(ES-MaCES)52582
856 4 _uhttp://biblioteca.ces.es/repintra/B53609.pdf
_ytexto completo
_z[intranet]
856 4 _uhttps://www.mapa.gob.es/es/ministerio/planes-estrategias/plan-nacional-de-control-de-la-cadena-alimentaria/informes
_y[colección informes anuales disponibles]
902 _aELE PUB. ELECTRONICA
942 _2CES
_cBK
_h5.0.
999 _c53609
_d53609